| 000 -LEADER |
| fixed length control field |
00697cam a2200205 a 4500 |
| 005 - DATE AND TIME OF LATEST TRANSACTION |
| control field |
20131009044858.0 |
| 008 - FIXED-LENGTH DATA ELEMENTS--GENERAL INFORMATION |
| fixed length control field |
880310s1987 ge af bd f000 0 ger |
| 020 ## - INTERNATIONAL STANDARD BOOK NUMBER |
| International Standard Book Number |
3323001028 |
| 041 0# - LANGUAGE CODE |
| Language code of text/sound track or separate title |
ger |
| 080 ## - UNIVERSAL DECIMAL CLASSIFICATION NUMBER |
| Universal Decimal Classification number |
007.52 |
| 100 1# - Rafti |
| Rafti |
Hesse, Stefan, |
| 100 1# - Rafti |
| -- |
Dr.-Ing. habil. |
| 245 10 - TITLE STATEMENT |
| Title |
Robotertechnik / |
| Statement of responsibility, etc |
Stefan Hesse ; [unter Mitarbeit von W. Sandner, H.-J. Gerhardt und H. Fritzsch ; Gutachter, Johannes Volmer]. |
| 250 ## - |
| -- |
1. Aufl. |
| 260 ## - |
| -- |
Leipzig : |
| -- |
Bibliographisches Institut Leipzig, |
| -- |
c1987. |
| 300 ## - |
| -- |
400 p., 24 p. of plates : |
| -- |
ill. ; |
| -- |
20 cm. |
| 490 0# - |
| -- |
BI-Taschenlexikon |
| 504 ## - BIBLIOGRAPHY, ETC. NOTE |
| Bibliography, etc |
Bibliography: p. [396]-400. |
| 650 #0 - |
| -- |
Robotët |
| -- |
Dictionaries |
| -- |
German. |
| 942 ## - ADDED ENTRY ELEMENTS (KOHA) |
| Source of classification or shelving scheme |
|
| Item type |
Books |